000 00342nam a22001457a 4500
005 20200225150502.0
008 200225b xxu||||| |||| 00| 0 eng d
020 _a978-81-239-2895-1
041 _aeng
100 _aUDAYKUMAR, PADMAJA
_95130
245 _aPHARMACOLOGY COMPANION
260 _aNEW DELHI
_bCBS
300 _a224p,
942 _cBK
999 _c6037
_d6035